000 00786nam a2200265Ia 4500
003 OSt
005 20221005085244.0
006 a|||||r|||| 00| 0
007 ta
008 221004b |||||||| |||| 00| 0 eng d
020 _a0440592445
024 _a76113
037 _cTextual
040 _aCRL
_cCRL
_beng
041 _2eng
_aeng
082 _aO111,6N22:g, L7
100 _aKlinkowitz Jerome Ed.
_9614079
245 0 _aVonnegut in America
_b An introduction to the life and work of Kurt Vonnegut
260 _aNew York
_bDelta Book USA
_c1977
300 _a304p.
_ccm.
650 _aENGLISH LITERATURE
700 _a Lawler Donald L Ed.
942 _hO111,6N22:g, L7
_cTEXL
_2cc
999 _c993958
_d993958